Embedded Systems Design With 8051 Microcontrollers : Hardware and Software (Record no. 11358)

MARC details
000 -LEADER
fixed length control field 00516nam a22001937a 4500
003 - CONTROL NUMBER IDENTIFIER
control field OSt
008 - FIXED-LENGTH DATA ELEMENTS--GENERAL INFORMATION
fixed length control field 220614b ||||| |||| 00| 0 eng d
020 ## - INTERNATIONAL STANDARD BOOK NUMBER
International Standard Book Number 9780824776961
082 ## - DEWEY DECIMAL CLASSIFICATION NUMBER
Classification number 004.16 KAE
100 ## - MAIN ENTRY--PERSONAL NAME
Personal name KARAKEHAYOV, Zdravko
245 ## - TITLE STATEMENT
Title Embedded Systems Design With 8051 Microcontrollers : Hardware and Software
250 ## - EDITION STATEMENT
Edition statement 1st
260 ## - PUBLICATION, DISTRIBUTION, ETC. (IMPRINT)
Place of publication, distribution, etc Switzerland
Name of publisher, distributor, etc Marcel Dekker, Inc.
Date of publication, distribution, etc 2010
300 ## - PHYSICAL DESCRIPTION
Extent 417
650 ## - SUBJECT ADDED ENTRY--TOPICAL TERM
Topical term or geographic name as entry element CSE
700 ## - ADDED ENTRY--PERSONAL NAME
Personal name CHRISTENSEN, Knud Smed
700 ## - ADDED ENTRY--PERSONAL NAME
Personal name WINTHER, Ole
942 ## - ADDED ENTRY ELEMENTS (KOHA)
Source of classification or shelving scheme Dewey Decimal Classification
Koha item type Text Books
Holdings
Withdrawn status Lost status Source of classification or shelving scheme Damaged status Not for loan Collection code Home library Current library Date acquired Source of acquisition Currency Cost, normal purchase price Bill Number Total Checkouts Full call number Acc. no. / Barcode Date last seen Actual Cost, discounted price Bill Date Koha item type
    Dewey Decimal Classification     B.Tech(CSE) PIET C-LIBRARY PIET C-LIBRARY 10/06/2022 Kirti Prakashan IN Rupees 1095.00 IN365   004.16 KAE 33726 14/06/2022 821.25 10/06/2022 Text Books

Design & Developed by: PIET Central Library
R70 Miles Stone Pattikalyana Samalkha Panipat 132102
mail ID :- [email protected], Phone No:- 0180-2569700 Ex.216